000 00580nam a22001577a 4500
008 171018b xxu||||| |||| 00| 0 eng d
020 _a9780131133228
050 _aHF5415.3|b.G723 2004 082 04 658.8342|222
100 _aGraham, Judy (Judy Frazer)
245 _aCritical thinking in consumer behavior :
_bcases and experiential exercises /
_cJudy Graham
260 _aUpper Saddle River, N.J. :
_bPearson Education,
_c2004
300 _a85 p. ;
_c28 cm
500 _aIncludes bibliographical references
650 _aConsumer behavior
_vCase studies
942 _2lcc
_cBK
999 _c51650
_d51650